<?xml version="1.0" encoding="UTF-8"?>
<collection xmlns="http://www.loc.gov/MARC21/slim">
  <record>
    <leader>00000nam  2200000   4500</leader>
    <controlfield tag="001">INLIS000000000020226</controlfield>
    <controlfield tag="005">20250527114537</controlfield>
    <datafield tag="035" ind1="#" ind2="#">
      <subfield code="a">0010-0525000309</subfield>
    </datafield>
    <controlfield tag="007">ta</controlfield>
    <controlfield tag="008">250527################g##########0#ind##</controlfield>
    <datafield tag="020" ind1="#" ind2="#">
      <subfield code="a">979 530 030 X</subfield>
    </datafield>
    <datafield tag="082" ind1="#" ind2="#">
      <subfield code="a">378.101 2</subfield>
    </datafield>
    <datafield tag="084" ind1="#" ind2="#">
      <subfield code="a">378.101 2 PUT m</subfield>
    </datafield>
    <datafield tag="100" ind1=" " ind2="#">
      <subfield code="a">Putra, Muslimin B.</subfield>
    </datafield>
    <datafield tag="245" ind1="1" ind2="#">
      <subfield code="a">Mahasiswa, Reformasi dan Politik :</subfield>
      <subfield code="b">Catatan dari Kampus Merah /</subfield>
      <subfield code="c">Muslimin B. Putra</subfield>
    </datafield>
    <datafield tag="260" ind1="#" ind2="#">
      <subfield code="a">Makassar :</subfield>
      <subfield code="b">Hassanuddin University Press,</subfield>
      <subfield code="c">2000</subfield>
    </datafield>
    <datafield tag="300" ind1="#" ind2="#">
      <subfield code="a">132 halaman :</subfield>
      <subfield code="b">ilus ;</subfield>
      <subfield code="c">21 cm</subfield>
    </datafield>
    <datafield tag="500" ind1="#" ind2="#">
      <subfield code="a">Keterlibatan mahasiswa dalam gerakan reformasi tak dapat dipungkiri. Intensitas keterlibatan tersebut kemudian berkembang menjadi diskursus tentang peran politik mahasiswa yang sering terbungkus dalam kemasan moral force, agen perubahan sosial dan kontrol sosial. Sebenarnya peran politik mahasiswa memang dimungkinkan dalam suatu negara berkembang. Hal ini disebabkan antara lain supra dan infarstruktur politik yang belum stabil, partisipasi politik rakyat yang masih rendah dan belum adanya kekuatan penyeimbang. &#13;
Tampilnya mahasiswa sebagai agen perubahan sosial merupakan reaison d'etre dalam konteks pembangunan untuk negara sedang berkembang. Ciri utama negara sedang berkembang adalah adanya kekuatan dominan tertentu dari pihak penguasa junta militer dan posisi rakyat yang feriferial terhadap proses pengambilan keputusan. Rakyat mengalami depolitisasi, akibat kuatnya stabilisasi politik penguasa yang sangat kaku.</subfield>
    </datafield>
    <datafield tag="650" ind1="#" ind2="4">
      <subfield code="a">Mahasiswa</subfield>
    </datafield>
    <datafield tag="990" ind1="#" ind2="#">
      <subfield code="a">04058223</subfield>
    </datafield>
  </record>
</collection>
